000 00312nam a22001337a 4500
008 181012b xxu||||| |||| 00| 0 eng d
020 _a9780721646800
041 _aeng
080 _22nd
_a616.073
100 _a6
101 _aRAD
245 _aFundamentals of Skeletal Radiology
_cHelms,C.A
942 _2udc
_cBK
999 _c49543
_d49543